| 000 | 00334nam a2200133Ia 4500 | ||
|---|---|---|---|
| 008 | 210210b1979 xxu||||| |||| 00| 0 eng d | ||
| 082 | _a370 LIVS | ||
| 100 | _aLIVINGSTONE (Richard). | ||
| 245 | _aSome Tasks for education. | ||
| 260 |
_aDelhi _bOxford University Press _c1979 |
||
| 300 | _a87 | ||
| 690 | _aEducation | ||
| 906 | _a040950 | ||
| 999 |
_c90987 _d90987 |
||